000 00595nam a2200253Ia 4500
005 20260123164105.0
008 008 260114s9999 xx 000 0 eng d
020 _a9789390669516
037 _aEBOOK
040 _aCRL
040 _beng
040 _cCRL
041 _2eng
041 _aeng
084 _qCRL
100 _aRAJARAMAN, V.
_91105803
245 0 _aESSENTIALS OF E-COMMERCE TECHNOLOGY
260 _bPHI
260 _c2022
856 _uhttps://elibrary.phindia.com/ebooks/reader/9789390669516du
942 _cEBOOK
999 _c1670926
_d1670926